| 000 | 01207cam a22003735a 4500 | ||
|---|---|---|---|
| 001 | 13277831 | ||
| 005 | 20150813100227.0 | ||
| 008 | 030716s2005 maua frb 001 0 eng | ||
| 010 | _a 2003110149 | ||
| 020 | _a0618379908 | ||
| 020 | _a | ||
| 035 | _a(DLC) 2003110149 | ||
| 040 |
_aDLC _beng _cDLC _d EG-ScBUE |
||
| 042 | _apcc | ||
| 050 | 0 | 0 |
_aHF5635 _b.P967 2005 |
| 082 | 0 | 4 |
_a657 _bNEE _222 |
| 100 | 1 | _aNeedles, Belverd E. | |
| 245 | 1 | 0 |
_aPrinciples of financial accounting / _cBelverd E. Needles, Jr., Marian Powers. |
| 246 | 3 | 0 | _aFinancial accounting |
| 250 | _a9th ed. | ||
| 260 |
_aBoston : _bHoughton Mifflin Co., _cc2005. |
||
| 300 |
_axxxiv, 846 p. : _bill. ; _c29 cm. |
||
| 500 | _aMulti-media instructional aids, including a Web site, are available to supplement the text. | ||
| 500 | _aIndexes :p.(831-846). | ||
| 500 | _aAppendix : p.(794-825). | ||
| 504 | _aIncludes bibliographical references. | ||
| 650 | 0 |
_aAccounting. _2BUEsh |
|
| 650 | 0 |
_aComptabilité. _2BUEsh |
|
| 651 | _2BUEsh | ||
| 653 |
_bBUSADM _cAugust2015 |
||
| 700 | 1 | _aPowers, Marian. | |
| 942 |
_2ddc _cBB _k657 NEE |
||
| 999 |
_c10537 _d10537 |
||